| 000 | 01009nam a2200289Ia 4500 | ||
|---|---|---|---|
| 001 | Para_1455 | ||
| 003 | CHAP | ||
| 008 | 220125s1999 xx 000 0 und d | ||
| 010 | _a200202 | ||
| 040 | _cCHAP | ||
| 090 | _aPA TESIS 1396 | ||
| 100 |
_aRodríguez Ordaz, Margarita Hilaria _998752 |
||
| 245 |
_aNemátodos fitoparásitos asociados a Solanum cardiophyllum Lindl., en sitios del Edo. De México y Puebla / _c por Margarita Hilaria Rodríguez Ordaz |
||
| 260 |
_aChapingo, Méx. : _b El autor |
||
| 300 | _a58 h. | ||
| 502 | _aTesis (Ing. Agr. Esp. en Parasitología Agrícola), UACh. Depto. Parasitología | ||
| 650 |
_aNematodos _x parásitos de plantas _9164196 |
||
| 650 |
_aPapa _x enfermedades por nemátodos _985230 |
||
| 710 |
_aUACh. Departamento de Parasitología Agrícola _9115877 |
||
| 901 | _aPA TESIS 1396 | ||
| 902 | _aA | ||
| 905 | _a0000001999 ia 0000000000 00 | ||
| 910 | _a1999 | ||
| 942 | _cPARA | ||
| 942 |
_cPARA _d1 |
||
| 999 |
_c200202 _d200202 |
||